000 00267nam a22001217a 4500
020 _a8178268576
082 _a494
_bROH/B
245 _aBHACHOM KEE NAITHIK KADHAEAM
260 _aDELHI
_bROHAN BOOK COMPANY
300 _a16
650 _aHINDI STORY
_zDELHI
942 _cBK
999 _c4920
_d4920